00448nam a2200181Ia 4500008004100000020001800041050001400059100002400073245004400097245002400141260001500165260001600180260000900196300001600205300002700221300001000248500000800258170918s9999 xx 000 0 und d a9780545151344 bS885 2012 aStork, Francisco X. 4aThe last summer of the death warriors / cFrancisco X. Stork. aNew York : bScholastic, c2012 a344 pages : bcolored illustration ; c19cm. a640